Το ανθρώπινο κεφάλαιο στη διοίκηση των ξενοδοχειακών μονάδων στο νησί της Ρόδου : διπλωματική εργασία [μεταπτυχιακή εργασία]
Αποθηκεύτηκε σε:
| Κύριος συγγραφέας: | |
|---|---|
| Συγγραφή απο Οργανισμό/Αρχή: | |
| Άλλοι συγγραφείς: | |
| Μορφή: | Thesis Βιβλίο |
| Γλώσσα: | Greek |
| Δημοσίευση: |
2011
|
| Θέματα: | |
| Διαθέσιμο Online: | http://hdl.handle.net/11610/14379 |
| Ετικέτες: |
Προσθήκη ετικέτας
Δεν υπάρχουν, Καταχωρήστε ετικέτα πρώτοι!
|
MARC
| LEADER | 00000cam a2200000 i 4500 | ||
|---|---|---|---|
| 001 | 1/14896 | ||
| 008 | 110906s2011 gre d | ||
| 035 | |l 10110755 | ||
| 040 | |a GR-MY-UA |b gre |e aacr | ||
| 041 | 0 | |a gre | |
| 082 | 0 | |a 647.94068 |2 (22) | |
| 100 | 1 | |a Πλιάκα, Ευαγγελία. | |
| 245 | 1 | 3 | |a Το ανθρώπινο κεφάλαιο στη διοίκηση των ξενοδοχειακών μονάδων στο νησί της Ρόδου : |b διπλωματική εργασία [μεταπτυχιακή εργασία] / |c Ευαγγελία Πλιάκα ; επιβλέπουσα: Πέρσα Φώκιαλη |
| 260 | |c 2011 | ||
| 300 | |a 125 σ.; |b πιν.; |c 30 εκ. | ||
| 500 | |a Μέλη εξεταστικής επιτροπής: Αναστάσιος Κοντάκος, Εμμανουήλ Κόνσολας | ||
| 502 | |a Διατριβή (μεταπτυχιακή) – Πανεπιστήμιο Αιγαίου, Ρόδος, 2011. | ||
| 504 | |a Βιβλιογραφία: σ. 116-118 | ||
| 650 | 0 | 0 | |a Hospitality industry |x Management. |
| 650 | 0 | 0 | |a Hospitality industry |z Greece |z Rhodes (Island) |
| 650 | 0 | |a Hotel management |z Greece |z Rhodes (Island) | |
| 650 | 0 | 0 | |a Hospitality industry |x Marketing |x Data processing. |
| 650 | 0 | 0 | |a Dissertations, Academic |z Greece. |
| 700 | 1 | |a Φώκιαλη, Περσεφόνη. |4 ths | |
| 710 | 2 | |a Πανεπιστήμιο Αιγαίου |b Σχολή Ανθρωπιστικών Επιστημών |b Τμήμα Επιστημών της Προσχολικής Αγωγής και του Εκπαιδευτικού Σχεδιασμού |b Πρόγραμμα Μεταπτυχιακών Σπουδών Μοντέλα Σχεδιασμού και Ανάπτυξης Εκπαιδευτικών Μονάδων . | |
| 852 | |a INST |b RHODES |c DIATR |e 20110906 |h 647.94068 ΠΛΙ |p 005400033135 |q 005400033135 |t MTXE |y 23 | ||
| 852 | |a INST |b RHODES |c DIATR |e 20110906 |h 647.94068 ΠΛΙ |p 005400033136 |q 005400033136 |t MTXE |y 23 | ||
| 856 | |u http://hdl.handle.net/11610/14379 | ||
| 901 | |a BIBL4-2011-3 | ||
| 909 | |a Ρ |b 164066 | ||
| 909 | |a Ρ |b 164067 | ||
| 924 | |a Πλιάκα |b Ευαγγελία |y Ρόδος |z 2011-09 | ||
| 970 | |z 2010/05/ | ||